Avatar: The Last Airbender Characters by Picture - Statistics

General Stats
  • This quiz has been taken 678 times
  • The average score is 15 of 16
Answer Stats
Picture Answer % Correct
Aang
100%
Katara
98%
Zuko
98%
Appa
96%
Sokka
96%
Toph
96%
Momo
95%
Azula
93%
Iroh
93%
Ozai
93%
Bumi
86%
Jet
86%
Mai
86%
Suki
86%
Ty Lee
81%
Zhao
73%
No matching quizzes found
Score Distribution
Percent of People with Each Score
Percentile by Number Answered
Your Score History
You have not taken this quiz